00533nam a22001697a 450000500170000001000150001702000260003203500140005803700130007208200080008510000190009324500870011226000360019927000530023530000250028850000500031320191120155351.0 aENG-126942 c499.00a9789389231373 aEN-110474 bDBAD/PUB a327 aBruno, Greg C. aBlessings from Beijing :cby Greg C. Brunobinside China's war on Tibet in exile / bSpeaking Tigerc2019aNew Delhi a4381/4 Ansari Road, Daryaganje110002bNew Delhi axix;222p.c21cm(pbk) aIncludes bibliographical references and index